Most Played Live - Little Mix - Statistics

General Stats
  • This quiz has been taken 29 times
  • The average score is 13 of 20
Answer Stats
Answer % Correct
Shout Out to My Ex
100%
Touch
100%
Black Magic
95%
DNA
95%
Salute
90%
Wings
86%
Power
81%
Move
76%
Woman Like Me
76%
Change Your Life
71%
Hair
71%
Little Me
67%
No More Sad Songs
67%
Love Me Like You
62%
How Ya Doin?
48%
Reggaeton Lento
43%
Down and Dirty
33%
Secret Love Song Part II
29%
Super Bass
10%
Don't Let Go (Love)
5%
No matching quizzes found
Score Distribution
Percent of People with Each Score
Percentile by Number Answered
Your Score History
You have not taken this quiz